000 00612nam a2200229 a 4500
001 BRCA_7898
005 20190320210037.0
008 170214s1965----ne-ab#####---#000-0#eng-#
041 _aeng
044 _ane
050 4 _aQH541
_b.F37 1965
100 1 _aFarb, Peter
_919531
245 1 0 _aEcology
_cby Peter Farb and the editors of life.
260 _a[Ámsterdam]
_bTime-Life International
_cc1965
300 _a192 p.
_bil., mapas
_c28 cm.
440 0 _aLife nature library
_919289
500 _aY174
650 1 4 _aEcología
_919532
650 1 4 _aVida (Biología)
_919533
902 _aGFM
942 _2lcc
_cB
999 _c7570
_d7570